| 000 | 01326 a2200265 4500 | ||
|---|---|---|---|
| 003 | Nust | ||
| 005 | 20170207153303.0 | ||
| 010 | _a 91013991 | ||
| 020 | _a0070375054 (hard) | ||
| 020 | _a0830644296 (pbk.) : | ||
| 040 | _cNust | ||
| 082 | 0 | 0 | _a621.38932 |
| 100 | 1 | _aLenk, John D. | |
| 245 | 1 | 0 |
_aLenk's laser handbook : _bfeaturing CD, CDV, and CD-ROM technology / _cJohn D. Lenk. |
| 250 | _a1st McGraw-Hill pbk. ed. | ||
| 260 |
_aNew York : _bTab Books, _c1993. |
||
| 300 |
_a1 v. (various pagings) : _bill. ; _c23 cm. |
||
| 500 | _aIncludes index. | ||
| 505 | _aIntroduction to Laser-Based Disc Players (Page 1.1) Encoding, Decoding, and Optical Readout (Page 2.1) User Controls, Operating Procedures, and Installation (Page 3.1) Test Equipment, Tools and Routine Maintenance (Page 4.1) Typical CD Player and CD-ROM Circuits (Page 5.1) Typical CDV Player Circuits (Page 6.1) Mechanical Operation, Adjustment, and Replacement (Page 7.1) CD Player Troubleshooting and Adjustment (Page 8.1) CDV Player Troubleshooting and Adjustment (Page 9.1) | ||
| 538 | _aAlmirah No.41 Shelf No.1 | ||
| 650 | 0 |
_aCompact disc players _xMaintenance and repair. |
|
| 650 | 0 |
_aVideodisc players _xMaintenance and repair. |
|
| 740 | 0 | _aLaser handbook. | |
| 856 | 4 | 1 |
_3Table of contents _uhttp://www.loc.gov/catdir/toc/mh021/91013991.html |
| 942 |
_2ddc _cBK |
||
| 999 |
_c183341 _d183341 |
||